000 01288nam a2200349 i 4500
001 192679
003 SpMaBN
005 20240228063040.0
007 ta
008 230518s2018 sp | |||| 000 0bspa
017 _aAL 1393-2018
_bOficina Depósito Legal Almería
020 _a9788491946496
035 _a(OCoLC)1103685714
040 _aSpMaBN
_bspa
_cES-MaACL
_erda
080 _a929 Teresa de Jesús, Santa
080 _a27 Teresa de Jesús, Santa
100 1 _aCampos Monsalve, Julia de,
_d1950-
_eaut
_9159431
245 1 0 _aTeresa :
_bcontra viento y marea /
_cJulia de Campos Monsalve
250 _aPrimera edición: diciembre 2018
260 _a[Roquetas de Mar, Almería] :
_bCírculo Rojo,
_c2018
300 _a291 páginas ;
_c21 cm
336 _aTexto
_2rdacontent
337 _asin mediación
_2rdamedia
338 _avolumen
_2rdacarrier
504 _aBibliografía: página 291
600 0 0 _aTeresa de Jesús,
_cSanta,
_d1515-1582-
_xBiografías
_9226365
852 _aES-MaACL
_bR.152928
_cDEPOJ
_gDedicatoria autógrafa de la autora
_hDonación: Julia de Campos Monsalve
_jN-8312
_9199975
903 _9159431
_aCampos Monsalve, Julia de,
_d1950-
_ednr
942 _n0
_cMONOGRAFIA
999 _c192679
_d192679